000 00727nam a22002535i 4500
001 10708
003 ES-MaACL
005 20240510063014.0
007 t|
008 920420s1991 sp ||||0| spa j
020 _a8486351316
040 _aM-BN
_bspa
_cM-BN
080 _a860-14"19"
100 1 _aRegalado, José Manuel.
_995866
245 1 4 _aLos poemas del padre /
_cJosé Manuel Regalado.
250 _a[1ª ed.].
260 _aHumanes de Madrid :
_bJuan Pastor,
_c1991.
300 _a62 p. ;
_c20 cm.
490 1 _aDevenir. Serie Poesía ;
_v51
830 0 0 _aDevenir.
_pSerie Poesía ;
_v51
_9236243
852 _aES-MaACL
_jP-1931 Nº 51
_bR.122646
_911001
942 _2udc
999 _c10708
_d10708